| 000 | 00650nam a2200193Ii 4500 | ||
|---|---|---|---|
| 003 | JO-AjNU | ||
| 008 | 230605s9999||||xx |||||||||||||| ||und|| | ||
| 040 |
_aJO-AjNU _bara _erda _cJO-AjNU |
||
| 041 | _aara | ||
| 050 | 1 | 4 | _aBP153.I8238.1989 |
| 100 | 3 |
_aالعيطة،دريسة, _eauthor _930538 |
|
| 245 | 0 | 0 | _aفقه العبادات على المذهب الشافعي |
| 264 | 3 | 1 | _aد.م:دريسة العيطة ،1989 |
| 300 | _a482ص | ||
| 336 |
_atext _btxt _2rdacontent |
||
| 337 |
_aunmediated _bn _2rdamedia |
||
| 338 |
_avolume _bnc _2rdacarrier |
||
| 650 | 4 |
_aالفقه الشافعي-العبادات-الفقه الإسلامي _930539 |
|
| 999 |
_aA12117 _c15685 _d15685 |
||